000 00590nam a2200193Ia 4500
999 _c32070
_d32070
003 OSt
005 20200728105308.0
008 190216s9999||||xx |||||||||||||| ||und||
020 _a9780195681093
040 _coclc
082 _a510.3
_bCLA/C
100 _aClapham, Christopher
_93813
245 4 _aThe Concise Oxford Dictionary Of Mathematics /
_cChristopher Clapham ; James Nicholson
250 _a3rd Ed.
260 _bOxford University Press,
_aNew York:
_c2006.
300 _a420p
650 _aMathematics
942 _cBK
_2ddc
_h510.3
_iCLA/C
_k510.3
_mCLA/C